[Event "183 Stay Safe Play From Home series"]
[Site "T#646406Emanuel Laske"]
[Date "2020.05.28"]
[Round "5"]
[White "Kongle"]
[Black "Szoern"]
[Result "0-1"]
[WhiteElo "1834"]
[BlackElo "2042"]
[Annotator "NA"]
[PlyCount "94"]
[EventDate "2020.05.28"]
[EventType "swiss (blitz)"]

1. d4 {[%emt 0:00:10]} g6 {[%emt 0:00:03]} 2. c4 {[%emt 0:00:01]} Bg7 {[%emt 0:00:01]} 3. Nc3 {[%emt 0:00:01]} Nf6 {[%emt 0:00:01]} 4. e4 {[%emt 0:00:01]} d6 {[%emt 0:00:01]} 5. f4 {[%emt 0:00:02]} O-O {[%emt 0:00:02]} 6. Be2 {[%emt 0:00:01]} e5 {[%emt 0:00:03]} 7. fxe5 {[%emt 0:00:02]} dxe5 {[%emt 0:00:01]} 8. d5 {[%emt 0:00:00]} Nbd7 {[%emt 0:00:02]} 9. Nf3 {[%emt 0:00:01]} Qe7 {[%emt 0:00:02]} 10. h3 {[%emt 0:00:02]} Nc5 {[%emt 0:00:01]} 11. Qc2 {[%emt 0:00:05]} c6 {[%emt 0:00:12]} 12. O-O {[%emt 0:00:09]} cxd5 {[%emt 0:00:02]} 13. cxd5 {[%emt 0:00:01]} Bd7 {[%emt 0:00:02]} 14. Be3 {[%emt 0:00:03]} Rac8 {[%emt 0:00:02]} 15. Qb1 {[%emt 0:00:15]} Rfe8 {[%emt 0:00:04]} 16. b4 {[%emt 0:00:06]} Na4 {[%emt 0:00:02]} 17. Nxa4 {[%emt 0:00:03]} Bxa4 {[%emt 0:00:00]} 18. a3 {[%emt 0:00:03]} Bc2 {[%emt 0:00:02]} 19. Qb2 {[%emt 0:00:01]} Nxe4 {[%emt 0:00:03]} 20. Rfc1 {[%emt 0:00:14]} Ba4 {[%emt 0:00:04]} 21. Rxc8 {[%emt 0:00:03]} Rxc8 {[%emt 0:00:00]} 22. Bc5 {[%emt 0:00:06]} Nxc5 {[%emt 0:00:02]} 23. bxc5 {[%emt 0:00:01]} e4 {[%emt 0:00:02]} 24. Nd4 {[%emt 0:00:02]} Rxc5 {[%emt 0:00:04]} 25. Qb4 {[%emt 0:00:05]} Be8 {[%emt 0:00:06]} 26. Rd1 {[%emt 0:00:06]} Qd6 {[%emt 0:00:04]} 27. Bc4 {[%emt 0:00:16]} b6 {[%emt 0:00:08]} 28. Bb3 {[%emt 0:00:04]} e3 {[%emt 0:00:04]} 29. Nf3 {[%emt 0:00:12]} e2 {[%emt 0:00:10]} 30. Re1 {[%emt 0:00:06]} Bc3 {[%emt 0:00:01]} 31. Qe4 {[%emt 0:00:01]} Bb5 {[%emt 0:00:05]} 32. Rxe2 {[%emt 0:00:04]} Bxe2 {[%emt 0:00:02]} 33. Qxe2 {[%emt 0:00:00]} Rxd5 {[%emt 0:00:03]} 34. Bxd5 {[%emt 0:00:02]} Qxd5 {[%emt 0:00:00]} 35. Qe8+ {[%emt 0:00:03]} Kg7 {[%emt 0:00:01]} 36. h4 {[%emt 0:00:10]} h6 {[%emt 0:00:08]} 37. Qe2 {[%emt 0:00:04]} Bf6 {[%emt 0:00:03]} 38. g3 {[%emt 0:00:04]} Qc5+ {[%emt 0:00:02]} 39. Kg2 {[%emt 0:00:01]} Qxa3 {[%emt 0:00:01]} 40. Qc2 {[%emt 0:00:04]} Qb2 {[%emt 0:00:01]} 41. Qxb2 {[%emt 0:00:01]} Bxb2 {[%emt 0:00:01]} 42. Kh3 {[%emt 0:00:01]} a5 {[%emt 0:00:01]} 43. Nd2 {[%emt 0:00:01]} a4 {[%emt 0:00:01]} 44. Nc4 {[%emt 0:00:01]} a3 {[%emt 0:00:01]} 45. g4 {[%emt 0:00:02]} a2 {[%emt 0:00:01]} 46. Nxb2 {[%emt 0:00:01]} a1=Q {[%emt 0:00:01]} 47. Nd3 {[%emt 0:00:00]} Qf1+ {[%emt 0:00:02] Time (Lag: Av=0.45s, max=0.8s)} 0-1

[Event "183 Stay Safe Play From Home series"]
[Site "T#646406Emanuel Laske"]
[Date "2020.05.28"]
[Round "6"]
[White "Weltszmerc"]
[Black "Indianquant"]
[Result "0-1"]
[WhiteElo "2063"]
[BlackElo "2247"]
[Annotator "TA"]
[PlyCount "90"]
[EventDate "2020.05.28"]
[EventType "swiss (blitz)"]

{[%evp 24,89,31,32,35,28,20,-66,0,0,0,0,3,0,8,-162,0,-104,-102,-241,-252,-243,-237,-338,-341,-327,-314,-395,-402,-463,-520,-689,-532,-511,-495,-421,-413,-642,-635,-781,-621,-29988,-1784,-29989,-29990,-29990,-29991,-29991,-29992,-29996,-29983,-29983,-29984,-29980,-29976,-29986,-5389,-29996,-29997,-29997,-29998,-29998,-29999,-29999,-29998,-29998,-29999,-29999]} 1. d4 Nf6 2. c4 e6 3. Nf3 c5 4. d5 exd5 5. cxd5 d6 6. Nc3 g6 7. e4 a6 8. a4 Bg4 9. Bd3 Bg7 10. h3 Bxf3 11. Qxf3 O-O 12. Bf4 Re8 13. O-O Qc7 {A70: Modern Benoni: 6 e4 g6 7 Nf3.} 14. a5 Nbd7 {[#]} 15. Na4 $146 ({Better is} 15. Bc2 $11) ({Predecessor:} 15. Qd1 c4 16. Bc2 Nc5 17. Re1 Nfd7 18. Qe2 Bxc3 19. bxc3 Nb3 20. Bxb3 cxb3 21. Qd2 {0-1 (53) Hjorth,J (2070)-Walsh,P (1729) ICCF email 2018}) 15... Ne5 (15... Qxa5 $15 16. Bxd6 Qb4) 16. Bxe5 $1 $11 Rxe5 17. Nb6 Rae8 {[%cal Rf6e4]} 18. Nc4 R5e7 $36 {[%cal Rf6e4][%mdl 2048] Black is pushing.} 19. Rfe1 $2 {[#]} (19. Qg3 $11 {and White is okay.}) 19... Nd7 $2 (19... Nxd5 $1 $19 {[%mdl 512]} 20. Rad1 (20. e5 Nb4 $19) (20. exd5 Rxe1+) 20... Nb4) 20. Qg3 (20. Rec1 $11) 20... Ne5 $17 {Black converts the advantage convincingly.} 21. Ra4 (21. Nb6 $17) 21... Nxc4 $19 22. Rxc4 Bxb2 ({Resist} 22... Qxa5 23. b4) 23. Rb1 (23. Ra4 $142) 23... Be5 24. f4 Bd4+ 25. Kh2 Qxa5 26. Rc2 b5 27. h4 Rxe4 28. Bxe4 Rxe4 29. h5 Kg7 30. hxg6 (30. Qf3 $142 Rxf4 31. h6+ (31. Qxf4 $2 {too greedy.} Be5 $19) 31... Kf8 32. Qxf4) 30... hxg6 31. Qf3 {[#]} Rxf4 $1 {[%mdl 512]} 32. Qe2 (32. Qxf4 Be5) 32... Rh4+ 33. Kg3 Qd8 34. Qd2 Qf6 35. Re1 g5 36. Re8 Be5+ 37. Rxe5 Qxe5+ {[%mdl 4096] Endgame KQR-KQR} 38. Kf2 Rd4 39. Qe3 Re4 (39... Qf5+ $142 40. Kg1 Rd1+ 41. Kh2 Qxc2 42. Qxg5+ Qg6 43. Qe3 Qh7+ 44. Kg3 {[#]} Rd3 $1 {[%mdl 512]} 45. Qf3 Rxf3+ 46. gxf3 b4 47. Kg2 b3 48. Kf2 Qh2+ 49. Ke3 b2 50. Kd3 b1=Q+ 51. Ke3 Qb3+ {[%mdl 64] Double Attack} 52. Ke4 Qe5#) 40. Qg3 Qd4+ {Black mates.} 41. Kf1 Qd1+ {[%mdl 64] Double Attack} 42. Kf2 Qe1+ 43. Kf3 Re3+ 44. Kg4 Qxg3+ 45. Kf5 Re5# {Accuracy: White = 37%, Black = 82%.} 0-1

[Event "183 Stay Safe Play From Home series"]
[Site "T#646406Emanuel Laske"]
[Date "2020.05.28"]
[Round "6"]
[White "Lazieri3"]
[Black "Position"]
[Result "0-1"]
[WhiteElo "2055"]
[BlackElo "2084"]
[Annotator "TA"]
[PlyCount "86"]
[EventDate "2020.05.28"]
[EventType "swiss (blitz)"]

{[%evp 9,86,-4,0,-19,24,-19,-3,-22,-17,-33,-8,-7,-9,-4,-8,-28,-10,-30,-31,-30,-23,-29,-18,-41,-28,-49,-49,-56,-51,-61,-38,-53,-19,-19,-21,-27,-39,-97,-46,-66,-47,-52,-36,-47,0,0,0,-122,-60,-140,-140,-140,-33,-28,-36,-38,-31,-14,0,0,0,-56,149,-25,32,0,0,-662,29995,-127,0,-645,-589,-29977,-29978,-29978,-29979,-5689,-1647]} 1. e4 c5 2. Nc3 a6 3. Nf3 d6 4. d3 Nc6 5. Be3 Nf6 6. h3 {B50: Sicilian: 2...d6, Miscellaneous.} g6 7. Qd2 Bg7 8. Bh6 {The position is equal.} O-O {[#]} 9. h4 $146 ({Predecessor:} 9. Bxg7 Kxg7 10. g4 Qa5 11. Bg2 Bd7 12. O-O e5 13. Nh4 h6 14. Kh2 Nd4 15. f4 {1-0 (22) Eliasson,K (1835)-Apol,L (1697) Reykjavik 2018}) 9... Bxh6 10. Qxh6 Ng4 11. Qd2 h5 12. Be2 b5 13. Nd5 e6 $36 {[%mdl 2048] Black has some pressure.} 14. Ne3 Nxe3 15. Qxe3 e5 16. Qh6 {[#] Hoping for Ng5.} Qf6 17. Ng5 {[%csl Gg5][%cal Rh6h7]} Qg7 18. Qxg7+ Kxg7 19. c3 b4 20. O-O f6 21. Nf3 Bg4 22. Rfe1 Rab8 23. Rab1 (23. Nd2 $15) 23... a5 (23... Rb7 $17 24. Ra1 bxc3 25. bxc3 Rb2) 24. Kf1 Bxf3 25. Bxf3 Rb6 26. a3 Rfb8 {Strongly threatening ...bxc3.} 27. axb4 axb4 28. c4 (28. Ra1 $11 {keeps the balance.}) 28... Nd4 (28... Ra6 $17 29. Ra1 Rba8 30. Rxa6 Rxa6) 29. Rec1 ({White should try} 29. Ra1 $15) 29... Kh6 $17 30. Bd1 g5 (30... Ra8 $17 {...Rba6 is the strong threat.} 31. Ra1 Rba6 32. Rxa6 Rxa6) 31. hxg5+ $1 $15 Kxg5 32. Ra1 Ne6 33. g3 h4 34. gxh4+ Kxh4 35. Ra7 ({Better is} 35. Ke2 $11) 35... Nf4 $2 (35... R6b7 $15 {stays ahead.} 36. Rxb7 Rxb7) 36. Be2 $2 (36. Rg7 $16) 36... Rh8 (36... R6b7 $11 37. Rca1 Rxa7 38. Rxa7 Rh8) 37. Rg7 {Threatens to win with Ke1.} Rbb8 $1 38. f3 $2 {[%mdl 8192]} (38. Rg4+ $11 Kh3 39. Rg1) 38... Nh5 $4 {[%mdl 8192]} (38... Rbg8 $19 39. Rxg8 Rxg8) 39. Rg2 $2 {[#]} (39. Rg4+ {mates} Kh3 40. Kf2 Ng3 41. Rxg3+ Kh2 42. Rg2+ Kh3 43. Rh1#) 39... Nf4 (39... Rbg8 $1 $17 {And now ...Nf4 would win.} 40. Rh2+ Kg3 41. Rg2+ Kf4 42. Rxg8 Rxg8) 40. Rg7 $2 {[%mdl 8192]} (40. Rg4+ $11 Kh3 41. Kf2) 40... Rbg8 $19 41. Rg4+ Rxg4 42. fxg4 Kg3 {[%cal Rh8h1]} 43. Ke1 Rh2 {Accuracy: White = 57%, Black = 59%.} (43... Rh1+ $142 44. Kd2 Rxc1 {[%mdl 64] Overworked Piece} 45. Kxc1 Nxe2+ 46. Kd1 Kf2) 0-1

[Event "183 Stay Safe Play From Home series"]
[Site "T#646406Emanuel Laske"]
[Date "2020.05.28"]
[Round "6"]
[White "Szoern"]
[Black "Greblah"]
[Result "1/2-1/2"]
[WhiteElo "2050"]
[BlackElo "1906"]
[Annotator "NA"]
[PlyCount "101"]
[EventDate "2020.05.28"]
[EventType "swiss (blitz)"]

1. d4 {[%emt 0:00:03]} c6 {[%emt 0:00:00]} 2. Nf3 {[%emt 0:00:01]} d5 {[%emt 0:00:00]} 3. Bf4 {[%emt 0:00:01]} Nf6 {[%emt 0:00:01]} 4. e3 {[%emt 0:00:01]} Bg4 {[%emt 0:00:02]} 5. Be2 {[%emt 0:00:01]} e6 {[%emt 0:00:01]} 6. Nbd2 {[%emt 0:00:01]} Bd6 {[%emt 0:00:01]} 7. Bg3 {[%emt 0:00:01]} O-O {[%emt 0:00:03]} 8. c3 {[%emt 0:00:01]} a6 {[%emt 0:00:01]} 9. Ne5 {[%emt 0:00:01]} Bxe2 {[%emt 0:00:02]} 10. Qxe2 {[%emt 0:00:00]} Bxe5 {[%emt 0:00:02]} 11. dxe5 {[%emt 0:00:02]} Ne4 {[%emt 0:00:01]} 12. Nxe4 {[%emt 0:00:02]} dxe4 {[%emt 0:00:01]} 13. Qc4 {[%emt 0:00:06]} Qd5 {[%emt 0:00:10]} 14. Qb3 {[%emt 0:00:10]} Rd8 {[%emt 0:00:09]} 15. O-O {[%emt 0:00:04]} Qxb3 {[%emt 0:00:04]} 16. axb3 {[%emt 0:00:01]} Nd7 {[%emt 0:00:02]} 17. Rfd1 {[%emt 0:00:01]} Nc5 {[%emt 0:00:05]} 18. b4 {[%emt 0:00:04]} Nd3 {[%emt 0:00:07]} 19. Rd2 {[%emt 0:00:03]} c5 {[%emt 0:00:08]} 20. bxc5 {[%emt 0:00:02]} Nxc5 {[%emt 0:00:01]} 21. Rad1 {[%emt 0:00:01]} Rxd2 {[%emt 0:00:02]} 22. Rxd2 {[%emt 0:00:01]} Nd3 {[%emt 0:00:09]} 23. f3 {[%emt 0:00:02]} Rd8 {[%emt 0:00:01]} 24. fxe4 {[%emt 0:00:02]} Rd7 {[%emt 0:00:04]} 25. Kf1 {[%emt 0:00:01]} Kf8 {[%emt 0:00:02]} 26. Ke2 {[%emt 0:00:01]} Nc1+ {[%emt 0:00:05]} 27. Kd1 {[%emt 0:00:01]} Rxd2+ {[%emt 0:00:02]} 28. Kxd2 {[%emt 0:00:00]} Nb3+ {[%emt 0:00:01]} 29. Kd3 {[%emt 0:00:02]} Nc5+ {[%emt 0:00:02]} 30. Kd4 {[%emt 0:00:02]} b6 {[%emt 0:00:01]} 31. Bh4 {[%emt 0:00:09]} Ke8 {[%emt 0:00:03]} 32. b4 {[%emt 0:00:02]} Nb3+ {[%emt 0:00:09]} 33. Kc4 {[%emt 0:00:01]} Nd2+ {[%emt 0:00:02]} 34. Kd3 {[%emt 0:00:02]} Nb3 {[%emt 0:00:07]} 35. c4 {[%emt 0:00:03]} a5 {[%emt 0:00:03]} 36. bxa5 {[%emt 0:00:03]} Nxa5 {[%emt 0:00:02]} 37. Be1 {[%emt 0:00:01]} Nb7 {[%emt 0:00:02]} 38. Bb4 {[%emt 0:00:02]} Kd7 {[%emt 0:00:01]} 39. g4 {[%emt 0:00:01]} Kc6 {[%emt 0:00:03]} 40. Kd4 {[%emt 0:00:01]} g6 {[%emt 0:00:04]} 41. h4 {[%emt 0:00:01]} h5 {[%emt 0:00:01]} 42. g5 {[%emt 0:00:02]} b5 {[%emt 0:00:01]} 43. cxb5+ {[%emt 0:00:02]} Kxb5 {[%emt 0:00:02]} 44. Be7 {[%emt 0:00:02]} Na5 {[%emt 0:00:02]} 45. Kd3 {[%emt 0:00:06]} Nc4 {[%emt 0:00:05]} 46. Kd4 {[%emt 0:00:02]} Na5 {[%emt 0:00:03]} 47. Bd6 {[%emt 0:00:05]} Nc6+ {[%emt 0:00:03]} 48. Kc3 {[%emt 0:00:01]} Na5 {[%emt 0:00:01]} 49. Kd4 {[%emt 0:00:01]} Nc6+ {[%emt 0:00:01]} 50. Kc3 {[%emt 0:00:01]} Na5 {[%emt 0:00:01]} 51. Kd4 {[%emt 0:00:01] (Lag: Av=0.21s, max=0.3s)} 1/2-1/2

[Event "183 Stay Safe Play From Home series"]
[Site "T#646406Emanuel Laske"]
[Date "2020.05.28"]
[Round "6"]
[White "Patzeroglu"]
[Black "little champs"]
[Result "0-1"]
[WhiteElo "1975"]
[BlackElo "2260"]
[Annotator "TA"]
[PlyCount "86"]
[EventDate "2020.05.28"]
[EventType "swiss (blitz)"]

{[%evp 9,86,42,47,6,21,13,27,0,8,-14,25,28,42,37,39,-22,-9,-22,13,0,62,-40,-24,-30,179,0,167,17,241,0,0,0,0,-2,143,37,152,128,192,178,377,378,346,-19,-21,-31,-34,-68,-61,-47,-11,-5,-9,-13,-7,-43,0,0,0,0,0,0,0,-8,-8,-10,0,0,0,0,0,0,0,0,0,0,0,0,0]} 1. e4 e6 2. d4 d5 3. Nc3 dxe4 4. Nxe4 Be7 5. Bd3 Nf6 6. Ne2 {C10: French with 3 Nc3: Unusual Black 3rd moves and 3...dxe4.} O-O 7. O-O Nbd7 8. c3 {White has an edge.} c5 9. Be3 cxd4 10. Nxd4 a6 {[#]} 11. Nxf6+ $146 ({Predecessor:} 11. Re1 Qc7 12. Bg5 Re8 13. Qe2 h6 14. Bh4 Nxe4 15. Qxe4 Bxh4 16. Qh7+ Kf8 17. Nf5 Bxf2+ 18. Kh1 {1-0 (18) Mannhart,M (2094)-Rous,D (2045) Triesen 2013}) 11... Nxf6 12. f4 (12. Qe2 $14) 12... Qc7 $11 13. Qf3 Rb8 14. Rae1 b5 ({Better is} 14... Bd6 $11) 15. a3 (15. Nc6 $14) 15... Bb7 $15 16. Qh3 g6 $2 {[#]} (16... Rbd8 $11) 17. Kh1 $2 (17. f5 $1 $18 {[%cal Rf5g6][%mdl 512]} e5 (17... exf5 18. Nxf5) 18. fxg6 hxg6 19. Nf5 $1 {[%mdl 512]}) 17... Rfd8 $2 {[#]} (17... Rbd8 $11) 18. Bb1 (18. f5 $1 $18 {[%cal Rf5e6][%mdl 512]} e5 (18... exf5 19. Bxf5) 19. fxg6 hxg6 20. Bg5) 18... Rd7 $2 {[#]} (18... Re8 $11 {and Black is okay.}) 19. Nf3 $2 (19. f5 $1 $18 {[%cal Rf5e6][%mdl 512]} e5 (19... exf5 20. Nxf5) 20. fxg6 hxg6 21. Bg5 (21. Ne6 Qc4 $11)) 19... Bxf3 $11 20. Qxf3 Rbd8 21. Bd4 Nh5 {[#]} (21... Nd5 $11 {remains equal.}) 22. g4 ({White has to play} 22. f5 $1 $16 {[%cal Rf5g6][%mdl 512]} exf5 23. Bxf5 $1 {[%mdl 512]} Rxd4 24. cxd4) 22... Ng7 {[#]} (22... Nf6 $14) 23. f5 $1 $16 {[%cal Rf5e6]} exf5 (23... Bh4 $16) 24. gxf5 $18 Bc5 $2 (24... Bf8 25. Re5 Bd6) 25. fxg6 hxg6 26. Bxc5 $2 ({White must play} 26. Bxg7 $1 $18 Kxg7 27. Qf6+ {[%mdl 64] Double Attack} (27. b4 Rd2 $17) 27... Kh6 28. b4) 26... Qxc5 $11 27. Ba2 {[%cal Ra2f7]} Nf5 28. Rg1 {Hoping for Rxg6+.} Kg7 {White must now prevent ...Rd2.} 29. Ref1 {And now Qxf5 would win.} Kf8 (29... Rd3 $5 {[%cal Rd3f3]} 30. Qb7 R3d7 $11) 30. Bb1 {[%cal Rb1f5]} Rd5 31. Qh3 Re5 32. Bxf5 (32. Rf3 {looks sharper.} Qd5 33. Ba2 Qd6 34. Bb1 Ke7 35. Bxf5 gxf5 36. Rgf1) 32... Rxf5 (32... Qd5+ {with more complications.} 33. Rg2 Rxf5 34. Qh8+ Ke7 35. Qh4+ Ke6) 33. Rxf5 {The position is equal.} (33. Qh8+ {keeps more tension.} Ke7 34. Re1+ Kd7 35. Rd1+ Rd5 36. Qf6) 33... Qxf5 34. Qxf5 gxf5 {[%mdl 4096] Endgame KR-KR} 35. Rg2 Ke7 36. Re2+ Kf6 37. Kg2 Rd7 38. Kf3 Kg5 39. Rg2+ Kf6 40. Ke3 Re7+ 41. Kf3 Re4 42. h3 Rc4 43. Rh2 a5 {[%mdl 32768] Accuracy: White = 60%, Black = 49%. . Loss on time!?} 0-1

[Event "183 Stay Safe Play From Home series"]
[Site "T#646406Emanuel Laske"]
[Date "2020.05.28"]
[Round "6"]
[White "Haris kollari 13"]
[Black "Don59as"]
[Result "0-1"]
[WhiteElo "1924"]
[BlackElo "2069"]
[Annotator "NA"]
[PlyCount "46"]
[EventDate "2020.05.28"]
[EventType "swiss (blitz)"]

1. e4 {[%emt 0:00:01]} e5 {[%emt 0:00:01]} 2. Nf3 {[%emt 0:00:02]} Nc6 {[%emt 0:00:01]} 3. Bb5 {[%emt 0:00:02]} f5 {[%emt 0:00:01]} 4. exf5 {[%emt 0:00:02]} e4 {[%emt 0:00:01]} 5. Qe2 {[%emt 0:00:01]} Qe7 {[%emt 0:00:01]} 6. Bxc6 {[%emt 0:00:01]} dxc6 {[%emt 0:00:01]} 7. Nd4 {[%emt 0:00:00]} Nf6 {[%emt 0:00:01]} 8. O-O {[%emt 0:00:03]} Qe5 {[%emt 0:00:01]} 9. c3 {[%emt 0:00:01]} Bxf5 {[%emt 0:00:01]} 10. Re1 {[%emt 0:00:09]} Bd6 {[%emt 0:00:02]} 11. g3 {[%emt 0:00:01]} O-O-O {[%emt 0:00:07]} 12. b4 {[%emt 0:00:04]} Bg4 {[%emt 0:00:01]} 13. f3 {[%emt 0:00:05]} Bh5 {[%emt 0:00:06]} 14. d3 {[%emt 0:00:08]} c5 {[%emt 0:00:16]} 15. bxc5 {[%emt 0:00:02]} Bxc5 {[%emt 0:00:01]} 16. Bb2 {[%emt 0:00:20]} Rxd4 {[%emt 0:00:03]} 17. cxd4 {[%emt 0:00:12]} Bxd4+ {[%emt 0:00:01]} 18. Bxd4 {[%emt 0:00:10]} Qxd4+ {[%emt 0:00:01]} 19. Kh1 {[%emt 0:00:00]} Bxf3+ {[%emt 0:00:03]} 20. Qxf3 {[%emt 0:00:02]} exf3 {[%emt 0:00:01]} 21. Nd2 {[%emt 0:00:01]} Qxd3 {[%emt 0:00:13]} 22. Nb3 {[%emt 0:00:13]} f2 {[%emt 0:00:04]} 23. Rf1 {[%emt 0:00:01]} Qf3# {[%emt 0:00:01] (Lag: Av=0.49s, max=0.8s)} 0-1

[Event "183 Stay Safe Play From Home series"]
[Site "T#646406Emanuel Laske"]
[Date "2020.05.28"]
[Round "6"]
[White "Dukic"]
[Black "Spacecap39"]
[Result "0-1"]
[WhiteElo "1826"]
[BlackElo "1834"]
[Annotator "NA"]
[PlyCount "62"]
[EventDate "2020.05.28"]
[EventType "swiss (blitz)"]

1. d4 {[%emt 0:00:04]} d5 {[%emt 0:00:01]} 2. c4 {[%emt 0:00:01]} e6 {[%emt 0:00:01]} 3. Nc3 {[%emt 0:00:01]} c5 {[%emt 0:00:01]} 4. cxd5 {[%emt 0:00:05]} cxd4 {[%emt 0:00:04]} 5. Qxd4 {[%emt 0:00:03]} Nc6 {[%emt 0:00:01]} 6. Qd1 {[%emt 0:00:04]} exd5 {[%emt 0:00:01]} 7. Qxd5 {[%emt 0:00:02]} Bd7 {[%emt 0:00:01]} 8. Nf3 {[%emt 0:00:04]} Nf6 {[%emt 0:00:02]} 9. Qb3 {[%emt 0:00:07]} Na5 {[%emt 0:00:06]} 10. Qc2 {[%emt 0:00:06]} Rc8 {[%emt 0:00:03]} 11. Bg5 {[%emt 0:00:13]} Be7 {[%emt 0:00:03]} 12. e4 {[%emt 0:00:02]} O-O {[%emt 0:00:16]} 13. Bd3 {[%emt 0:00:04]} h6 {[%emt 0:00:07]} 14. Bh4 {[%emt 0:00:04]} Bg4 {[%emt 0:00:04]} 15. Ne5 {[%emt 0:00:02]} Qd4 {[%emt 0:00:08]} 16. Bxf6 {[%emt 0:00:04]} Bxf6 {[%emt 0:00:05]} 17. Nxg4 {[%emt 0:00:01]} Bg5 {[%emt 0:00:05]} 18. O-O {[%emt 0:00:02]} b5 {[%emt 0:00:03]} 19. Bxb5 {[%emt 0:00:14]} Rc5 {[%emt 0:00:05]} 20. Be2 {[%emt 0:00:05]} Nc6 {[%emt 0:00:04]} 21. Rad1 {[%emt 0:00:02]} Qb4 {[%emt 0:00:05]} 22. a3 {[%emt 0:00:02]} Qb8 {[%emt 0:00:05]} 23. Qd3 {[%emt 0:00:09]} Rd8 {[%emt 0:00:03]} 24. Nd5 {[%emt 0:00:02]} Qxb2 {[%emt 0:00:09]} 25. f4 {[%emt 0:00:07]} Bf6 {[%emt 0:00:12]} 26. Ngxf6+ {[%emt 0:00:11]} gxf6 {[%emt 0:00:00]} 27. Bf3 {[%emt 0:00:05]} Rc2 {[%emt 0:00:06]} 28. Qe3 {[%emt 0:00:12]} Kg7 {[%emt 0:00:09]} 29. Bg4 {[%emt 0:00:06]} Rxg2+ {[%emt 0:00:05]} 30. Kh1 {[%emt 0:00:04]} Rxh2+ {[%emt 0:00:01]} 31. Kg1 {[%emt 0:00:01]} Qg2# {[%emt 0:00:01] (Lag: Av=0.23s, max=0.4s)} 0-1

[Event "183 Stay Safe Play From Home series"]
[Site "T#646406Emanuel Laske"]
[Date "2020.05.28"]
[Round "6"]
[White "Tobo Rubirosa"]
[Black "Kongle"]
[Result "1-0"]
[WhiteElo "1665"]
[BlackElo "1826"]
[Annotator "NA RC"]
[PlyCount "79"]
[EventDate "2020.05.28"]
[EventType "swiss (blitz)"]
[TimeControl "180"]

1. Nf3 {[%emt 0:00:03]} Nf6 {[%emt 0:00:05]} 2. d4 {[%emt 0:00:01]} b6 {[%emt 0:00:01]} 3. g3 {[%emt 0:00:02]} Bb7 {[%emt 0:00:01]} 4. Bg2 {[%emt 0:00:01]} d6 {[%emt 0:00:01]} 5. O-O {[%emt 0:00:01]} g6 {[%emt 0:00:01]} 6. c4 {[%emt 0:00:01]} Bg7 {[%emt 0:00:01]} 7. Nc3 {[%emt 0:00:01]} e6 {[%emt 0:00:01]} 8. Qc2 {[%emt 0:00:03]} Nbd7 {[%emt 0:00:01]} 9. e4 {[%emt 0:00:01]} O-O {[%emt 0:00:02]} 10. Re1 {[%emt 0:00:04]} e5 {[%emt 0:00:03]} 11. h3 {[%emt 0:00:04]} Re8 {[%emt 0:00:02]} 12. d5 {[%emt 0:00:04]} a5 {[%emt 0:00:04]} 13. Be3 {[%emt 0:00:02]} Nc5 {[%emt 0:00:04]} 14. a3 {[%emt 0:00:04]} Bc8 {[%emt 0:00:08]} 15. b4 {[%emt 0:00:03]} axb4 {[%emt 0:00:02]} 16. axb4 {[%emt 0:00:02]} Rxa1 {[%emt 0:00:04]} 17. Rxa1 {[%emt 0:00:01]} Na6 {[%emt 0:00:31]} 18. c5 {[%emt 0:00:11]} Nxb4 {[%emt 0:00:04]} 19. Qb3 {[%emt 0:00:06]} bxc5 {[%emt 0:00:01]} 20. Ra8 {[%emt 0:00:09]} Qe7 {[%emt 0:00:04]} 21. Ra7 {[%emt 0:00:04]} Qd7 {[%emt 0:00:12]} 22. Bf1 {[%emt 0:00:04]} Qd8 {[%emt 0:00:04]} 23. Nb5 {[%emt 0:00:03]} Nxe4 {[%emt 0:00:11]} 24. Nxc7 {[%emt 0:00:07]} Re7 {[%emt 0:00:03]} 25. Nb5 {[%emt 0:00:11]} Rxa7 {[%emt 0:00:02]} 26. Nxa7 {[%emt 0:00:01]} f5 {[%emt 0:00:06]} 27. Nc6 {[%emt 0:00:04]} Qf8 {[%emt 0:00:10]} 28. Nxb4 {[%emt 0:00:03]} cxb4 {[%emt 0:00:01]} 29. Qxb4 {[%emt 0:00:01]} h6 {[%emt 0:00:19]} 30. Bb6 {[%emt 0:00:12]} g5 {[%emt 0:00:05]} 31. Bc7 {[%emt 0:00:03]} Bd7 {[%emt 0:00:03]} 32. Nd2 {[%emt 0:00:09]} Nxd2 {[%emt 0:00:03]} 33. Qxd2 {[%emt 0:00:02]} f4 {[%emt 0:00:00]} 34. Qd3 {[%emt 0:00:07]} Qa8 {[%emt 0:00:05]} 35. Bxd6 {[%emt 0:00:03]} Qa4 {[%emt 0:00:02]} 36. Qg6 {[%emt 0:00:10]} fxg3 {[%emt 0:00:04]} 37. fxg3 {[%emt 0:00:02]} Qd4+ {[%emt 0:00:03]} 38. Kh2 {[%emt 0:00:01]} Qxd5 {[%emt 0:00:01]} 39. Be7 {[%emt 0:00:03]} Qd2+ {[%emt 0:00:02]} 40. Bg2 {[%emt 0:00:01] Time (Lag: Av=0.80s, max=2.8s)} 1-0

[Event "183 Stay Safe Play From Home series"]
[Site "T#646406Emanuel Laske"]
[Date "2020.05.28"]
[Round "7"]
[White "Indianquant"]
[Black "Patzeroglu"]
[Result "1-0"]
[WhiteElo "2255"]
[BlackElo "1969"]
[Annotator "TA"]
[PlyCount "45"]
[EventDate "2020.05.28"]
[EventType "swiss (blitz)"]

{[%evp 9,44,34,32,25,34,37,219,-19,-20,-20,95,95,337,313,633,449,466,470,442,349,757,550,849,804,1226,1222,8928,6145,29953,6323,29990,29991,29991,29992,29998,29999,29999]} 1. Nf3 c5 2. c4 Nf6 3. Nc3 d5 4. cxd5 Nxd5 5. d4 Nc6 6. e4 {A34: Symmetrical English: 2 Nc3, lines with ...d5.} Nxc3 7. bxc3 Bg4 $2 (7... cxd4 $14 8. cxd4 e6) 8. Be3 $2 ({Only move:} 8. d5 $18) 8... cxd4 $11 9. cxd4 {[#] Threatens to win with d5.} Qa5+ $146 (9... e6 $11) ({Predecessor:} 9... e6 10. Be2 Bb4+ 11. Kf1 O-O 12. h3 Bxf3 13. Bxf3 Bc3 14. Rb1 Bxd4 15. Bxd4 Nxd4 16. Rxb7 Nxf3 17. Qxf3 {1-0 (29) Arias,J-Gonzalez,C (2098) Bogota 2008}) 10. Bd2 $16 Qb6 $2 (10... Bxf3 $16 11. gxf3 (11. Qxf3 Qa4 $11) 11... Qa3) 11. d5 O-O-O $2 (11... Nb8 12. Rb1 Qc7) 12. dxc6 e5 {aiming for ...Rxd2.} 13. cxb7+ Kb8 {...Rxd2 is the strong threat.} 14. Rb1 Qe6 $2 (14... Rxd2 15. Nxd2 Bxd1) 15. Qb3 Rxd2 16. Qxe6 Rd1+ 17. Kxd1 fxe6 18. Ba6 {White wants to mate with Rc1.} Bc5 19. Ke2 {Rhc1 would kill now.} Rd8 20. Rhc1 {White mates.} Bxf3+ 21. gxf3 Bb6 22. Rc8+ {[%mdl 64] [#] Back Rank} Rxc8 23. bxc8=Q# {Accuracy: White = 52%, Black = 18%.} 1-0